Put yourself in his place / (Registro nro. 163010)

Detalles MARC
000 -LEADER
campo de control de longitud fija 00703nam a2200205 i 4500
001 - NÚMERO DE CONTROL
campo de control 163010
003 - IDENTIFICADOR DE NÚMERO DE CONTROL
campo de control ES-MaACL
005 - FECHA Y HORA DE LA ÚLTIMA TRANSACCIÓN
campo de control 20230906212640.0
008 - DATOS DE LONGITUD FIJA--INFORMACIÓN GENERAL
campo de control de longitud fija 050707s1870 gw | |||||||| ||eng d
040 ## - FUENTE DE CATALOGACIÓN
Centro catalogador/agencia de origen CAM
Lengua de catalogación spa
Centro/agencia transcriptor CAM
100 1# - ENTRADA PRINCIPAL--NOMBRE DE PERSONA
Nombre de persona Reade, Charles.
9 (RLIN) 95671
245 10 - MENCIÓN DEL TÍTULO
Título Put yourself in his place /
Mención de responsabilidad, etc. by Charles Reade.
260 ## - PUBLICACIÓN, DISTRIBUCIÓN, ETC.
Lugar de publicación, distribución, etc. Leipzig :
Nombre del editor, distribuidor, etc. Bernhard Tauchnitz,
Fecha de publicación, distribución, etc. 1870.
300 ## - DESCRIPCIÓN FÍSICA
Extensión 2 v. (392; 367 p.) ;
Dimensiones 14 cm.
490 1# - MENCIÓN DE SERIE
Mención de serie Collection of british authors. 1123; 1124
752 ## - ENTRADA AGREGADA--NOMBRE JERÁRQUICO DEL LUGAR
País o entidad superior Alemania -
Ciudad Leipzig
830 0# - PUNTO DE ACCESO ADICIONAL DE SERIE-TÍTULO UNIFORME
Título uniforme Collection of british authors. 1123; 1124
9 (RLIN) 222238
852 ## - LOCALIZACIÓN
Ubicación ES-MaACL
Número de control de estantería G-11985
Nota libre -- Enc. hol. conservando la rust. original
-- -- 2 t. en 1 v.
Existencias
Estatus retirado Estado de pérdida Estado de daño No para préstamo Colección Biblioteca de origen Biblioteca actual Ubicación en estantería Fecha de adquisición Fuente de adquisición Total de préstamos Signatura topográfica completa Código de barras Visto por última vez Precio de reemplazo Tipo de ítem Koha
        Libros del s. XIX Biblioteca del Ateneo de Madrid Biblioteca del Ateneo de Madrid Sala Pecera Planta 3 17/01/2008     G-11985 1170791 23/02/2023 23/02/2023 Libro impreso antiguo